|
|
|
|
| LEADER |
00789nam a2200229 a 4500 |
| 001 |
GR-Patra19467 |
| 008 |
060522s1996 fr g 000 0 fre d |
| 020 |
|
|
|a 2840490986
|
| 040 |
|
|
|a GrPaTEI
|b gre
|c GR-PaULI
|
| 040 |
|
|
|a GrPaTEI
|b gre
|c GR-PaULI
|
| 082 |
|
0 |
|a 889.4
|2 21
|
| 100 |
1 |
|
|a Scherer, Rene
|
| 245 |
1 |
0 |
|a Utopies nomades :
|b en attendant 2002 /
|c Rene Scherer.
|
| 260 |
|
|
|a Paris :
|b Seguier,
|c c1996
|
| 300 |
|
|
|a 230σ.
|
| 650 |
|
4 |
|a ΔΟΚΙΜΙΑ
|
| 650 |
|
4 |
|a ΠΕΖΟΓΡΑΦΙΑ
|
| 710 |
0 |
|
|a Seguier
|
| 942 |
|
|
|2 ddc
|
| 952 |
|
|
|0 0
|1 0
|2 ddc
|4 0
|6 889_400000000000000_SCH
|7 0
|9 299802
|a LISK
|b LISK
|c BSC
|d 2021-01-17
|e 24
|f 0
|g 0.00
|l 0
|o 889.4 SCH
|p 92410020818
|r 2021-01-17 00:00:00
|t 1
|w 2021-01-17
|y BK15
|x 20060522 0 1
|x GrPaTEI
|
| 971 |
|
|
|a .b26669821
|b 15-04-20
|c 23-09-16
|
| 999 |
|
|
|c 174316
|d 174316
|